Statistics for Bob The builder Chracters

Click here to take the quiz!

General Stats

  • This quiz has been taken 121 times
  • The average score is 5 of 9

Answer Stats

Answer% Correct
Bob
98%
Wendy
71%
Scoop
64%
Dizzy
63%
Lofty
61%
Muck
61%
Spud
42%
Travis
24%
Rollie
23%

Score Distribution

Percentile by Number Answered

Percent of People with Each Score

Your Score History

You have not taken this quiz